Statistiques concernant Célèbres sportifs français (A-Z)

Cliquez ici pour prendre le quiz!

Statistiques générales

  • Ce quiz a été pris 3 760 fois
  • Le résultat moyen est 15 sur 21

Statistiques - réponses

LettreIndiceSportif% Correct
ZJoueur de football / Deux buts en finale de la Coupe du monde 1998Zinédine Zidane
94%
RJudoka / 8 fois champion du monde (record absolu) et 2 fois champion olympiqueTeddy Riner
93%
CJoueur de rugby / Grand et barbuSébastien Chabal
91%
MNageuse / Championne olympique en 2004Laure Manaudou
90%
GJoueur de football / finaliste de l'Euro 2016 avec la France et 3e au Ballon d'or de la même annéeAntoine Griezmann
89%
LPilote de rallye / 9 fois champions du monde (record absolu)Sébastien Loeb
89%
NJoueur de tennis / Dernier Français vainqueur de Roland-Garros en 1983Yannick Noah
88%
F11 fois champion du monde de biathlon,double champion olympique en 2014Martin Fourcade
87%
PJoueur de football / Vainqueur de l'Euro 1984 et triple Ballon d'orMichel Platini
86%
TJoueur de tennis / Finaliste de l'Open d'Australie en 2008Jo-Wilfried Tsonga
78%
JSélectionneur de l'Equipe de France championne du monde de football en 1998Aimé Jacquet
76%
E3 fois champion olympique de canoë et 3 fois champion du mondeTony Estanguet
67%
HCycliste / 5 Tours de France (co-record),3 Tours d'Italie et 2 Tours d'Espagne. Dernier Français victorieux du Tour de France en 1985Bernard Hinault
66%
DJudoka / 2 fois champion olympique et 4 fois champion du mondeDavid Douillet
66%
KJoueur de football / Ballon d'or 1958Raymond Kopa
65%
OPilote de rallye / 4 fois champion du mondeSébastien Ogier
64%
WJoueur de football / Buteur en finale de l'Euro 2000 contre l'ItalieSylvain Wiltord
62%
BPilote de Formule 1 / Accident mortel au Grand Prix du Japon 2014Jules Bianchi
51%
ACycliste / 5 Tours de France (co-record),2 Tours d'Italie,1 Tour d'EspagneJacques Anquetil
44%
SJoueur de rugby / Capitaine de l'Equipe de France à la Coupe du monde 1995,sélectionneur de 2011 à 2015Philippe Saint-André
31%
QAthlète / Champion olympique de saut à la perche en 1984. Se suicide en 2011Pierre Quinon
11%

Distribution des résultats

Percentile par nombre de réponses

% des personnes avec chaque résultat

Votre développement - résultats

Vous n’avez pas pris ce quiz